书目信息 |
| 题名: |
实用精细化学品生产工艺
|
|
| 作者: | 王慎敏 , 朱兴松 主编 | |
| 分册: | 二 | |
| 出版信息: | 北京 化学工业出版社 2009 |
|
| 页数: | 609页 | |
| 开本: | 20cm | |
| 丛书名: | ||
| 单 册: | ||
| 中图分类: | TQ062 | |
| 科图分类: | ||
| 主题词: | 精细化工--化工产品--生产工艺 , 精细化工 , 化工产品 , 生产工艺 | |
| 电子资源: | ||
| ISBN: | 978-7-122-04641-3 | |
| 000 | 01030nam0 2200265 45 | |
| 005 | 20100303145530.34 | |
| 010 | @a978-7-122-04641-3@dCNY48.00 | |
| 100 | @a20100121d2009 ekmy0chiy0120 ea | |
| 101 | 0 | @achi |
| 102 | @aCN@b110000 | |
| 105 | @ay z 000yy | |
| 106 | @ar | |
| 200 | 1 | @a实用精细化学品生产工艺@AShi Yong Jing Xi Hua Xue Pin Sheng Chan Gong Yi@h二@HEr@f王慎敏,朱兴松主编@FWang Shen Min, Zhu Xing Song Zhu Bian |
| 210 | @a北京@c化学工业出版社@d2009 | |
| 215 | @a609页@d20cm | |
| 330 | @a本书介绍了包含食品添加剂、饲料添加剂、农田化学品、高分子材料合成与加工助剂、染料、纺织染整助剂、皮革化学品、水处理化学品、造纸化学品、电子化学品等共计380个产品,对这些产品的原料配比、生产原理与工艺、产品标准等做了详细的阐述。 | |
| 606 | 0 | @a精细化工@x化工产品@x生产工艺 |
| 606 | 0 | @a精细化工 |
| 606 | 0 | @a化工产品 |
| 606 | 0 | @a生产工艺 |
| 690 | @aTQ062@v4 | |
| 701 | 0 | @a王慎敏@AWang Shen Min@4主编 |
| 701 | 0 | @a朱兴松@AZhu Xing Song@4主编 |
| 801 | 0 | @aCN@bTANGWEI@c20100303 |
| 905 | @b0585125-29@dTQ062@e184@f5 | |
| 实用精细化学品生产工艺.二/王慎敏,朱兴松主编.-北京:化学工业出版社,2009 |
| 609页;20cm |
| ISBN 978-7-122-04641-3:CNY48.00 |
| 本书介绍了包含食品添加剂、饲料添加剂、农田化学品、高分子材料合成与加工助剂、染料、纺织染整助剂、皮革化学品、水处理化学品、造纸化学品、电子化学品等共计380个产品,对这些产品的原料配比、生产原理与工艺、产品标准等做了详细的阐述。 |
| ● |
| 相关链接 |
|
|
|
|
正题名:实用精细化学品生产工艺
索取号:TQ062/184
 
预约/预借
| 序号 | 登录号 | 条形码 | 馆藏地/架位号 | 状态 | 备注 |
| 1 | 0585125 | 205851256 | 第二样本阅览室/ [索取号:TQ062/184] | 在馆 | |
| 2 | 0585126 | 205851265 | 第三借阅区/ [索取号:TQ062/184] | 在馆 | |
| 3 | 0585127 | 205851274 | 密集书库-化学系/ [索取号:TQ062/184] | 在馆 | |
| 4 | 0585128 | 205851283 | 第三借阅区/ [索取号:TQ062/184] | 在馆 | |
| 5 | 0585129 | 205851292 | 第三借阅区/ [索取号:TQ062/184] | 在馆 |